[Event "3rd Oliver Gonzalez Mem Open A"]
[Site "Madrid ESP"]
[Date "2012.09.06"]
[Round "6.13"]
[White "Gomez Ledo,R"]
[Black "Aranaz Murillo,A"]
[Result "1/2-1/2"]
[WhiteElo "2431"]
[BlackElo "2213"]

1.d4 Nf6 2.Bg5 d5 3.Bxf6 gxf6 4.e3 c5 5.c3 Nc6 6.g3 Qb6 7.Qb3 e6 8.Nd2 f5
9.Ne2 Bd7 10.Nf4 Bd6 11.Be2 Qxb3 12.axb3 Ke7 13.Nf3 cxd4 14.exd4 a5 15.Kd2 b6
16.Rhe1 Rhd8 17.Nh5 h6 18.Bd3 Kf8 19.Nf6 Rab8 20.Bb5 Rbc8 21.Nxd7+ Rxd7 22.Bxc6 Rxc6
23.Ne5 Bxe5 24.Rxe5 Ke7 25.Ree1 Rc8 26.Ra4 Rb7 27.Rea1 Kd7 28.Kd3 h5 29.b4 axb4
30.Rxb4 h4 31.Ke3 Rh8 32.b3 hxg3 33.hxg3 Kc7 34.c4 dxc4 35.bxc4 Rd8 36.Rab1 Rbb8
37.Rb5 Re8 38.R1b2 Red8 39.R2b4 Rb7 40.Rb1 Rbb8 41.d5 Rd6 42.dxe6 fxe6 43.c5 Rc6
44.Rxb6 Rbxb6 45.cxb6+ Kb7 46.Kd4 Rc2 47.f4 Re2 48.Rb5 Re4+ 49.Kd3 Re1 50.Kd2 Re4
51.Rb3 Rd4+ 52.Ke3 Rd6 53.Kf3 Rxb6 54.Rd3 Kc7 55.g4 fxg4+ 56.Kxg4 Rd6 57.Ra3 Rd5  1/2-1/2

[Event "9th LGA Premium Cup"]
[Site "Nuernberg GER"]
[Date "2012.09.06"]
[Round "1.12"]
[White "Mihok,L"]
[Black "Heimann,An"]
[Result "0-1"]
[WhiteElo "2141"]
[BlackElo "2490"]

1.d4 Nf6 2.Bg5 d5 3.e3 c5 4.Bxf6 gxf6 5.dxc5 e6 6.c4 dxc4 7.Qxd8+ Kxd8 8.Nc3 Bxc5
9.Bxc4 Bd7 10.O-O-O Ke7 11.Nge2 Bc6 12.Nf4 Bb4 13.Nce2 Nd7 14.Kb1 Ne5 15.Bb3 Ng4
16.Rhf1 Bc5 17.h3 Ne5 18.Rc1 Bb6 19.Nd4 Bd7 20.Rfd1 Rac8 21.a3 Rxc1+ 22.Rxc1 Rg8
23.Rd1 Rd8 24.Rd2 Ng6 25.Nxg6+ hxg6 26.Kc1 Rc8+ 27.Kd1 Rc5 28.Bc2 f5 29.f4 Rc8
30.Rd3 f6 31.a4 e5 32.fxe5 fxe5 33.Nf3 e4 34.Rxd7+ Kxd7 35.Ne5+ Ke6 36.Nxg6 Bxe3
37.g4 Rd8+ 38.Ke1 Bh6 39.Nh4 fxg4 40.hxg4 Bg5 41.Nf5 Ke5 42.Ng3  0-1

[Event "9th LGA Premium Cup"]
[Site "Nuernberg GER"]
[Date "2012.09.07"]
[Round "2.74"]
[White "Holzmayr,N"]
[Black "Hirschinger,T"]
[Result "1-0"]
[WhiteElo "1823"]
[BlackElo "2083"]

1.d4 Nf6 2.Bg5 c5 3.d5 Qb6 4.Bc1 g6 5.Nc3 Bg7 6.e4 d6 7.h3 O-O 8.Nf3 a6 9.Be2 Qc7
10.a4 b6 11.O-O Ra7 12.Bf4 Nbd7 13.Qc1 Re8 14.Qd2 Ne5 15.Rad1 Nxf3+ 16.Bxf3 Qb8
17.Be2 Bd7 18.Bh6 b5 19.Bxg7 Kxg7 20.axb5 axb5 21.Qe3 b4 22.Nb1 Bb5 23.Nd2 e6
24.Bxb5 Qxb5 25.Qf4 exd5 26.exd5 Nxd5 27.Qxd6 Rd7 28.Qg3 Nf6 29.c4 Qb8 30.Qf3 Qe5
31.Qb3 Red8 32.Nf3 Rxd1 33.Nxe5 Rxf1+ 34.Kxf1 Rd4 35.g4 Ne4 36.Qa4 Nd2+ 37.Kg2 Nxc4
38.Qe8 Nd6 39.Qe7 h6 40.Nd7 Ne4 41.Qf8+ Kh7 42.Qxf7+ Kh8 43.Nf8  1-0

[Event "9th LGA Premium Cup"]
[Site "Nuernberg GER"]
[Date "2012.09.07"]
[Round "3.28"]
[White "Pfadenhauer,J"]
[Black "Hirn,O"]
[Result "1/2-1/2"]
[WhiteElo "1877"]
[BlackElo "2217"]

1.d4 Nf6 2.Bg5 d5 3.Nd2 Nbd7 4.e3 e5 5.c4 exd4 6.exd4 Be7 7.Ngf3 O-O 8.Bd3 dxc4
9.Bxc4 Nb6 10.Bb3 Nfd5 11.Be3 Nxe3 12.fxe3 c5 13.O-O Bg4 14.Qc2 cxd4 15.exd4 Bh5
16.Rad1 Bg6 17.Ne4 Nd5 18.Qe2 Nf6 19.Neg5 Ne8 20.Nh3  1/2-1/2

[Event "14th Trieste Open A"]
[Site "Trieste ITA"]
[Date "2012.09.08"]
[Round "9"]
[White "Egartner,W"]
[Black "Matijevic,Filip"]
[Result "0-1"]
[WhiteElo "2132"]
[BlackElo "2132"]

1.d4 Nf6 2.Bg5 g6 3.Bxf6 exf6 4.e3 Bg7 5.g3 O-O 6.Bg2 d6 7.Ne2 f5 8.c4 Nd7
9.Nbc3 Nf6 10.O-O Re8 11.Qd3 c6 12.b4 Bd7 13.a4 a6 14.Rfc1 Qe7 15.c5 dxc5
16.bxc5 Rad8 17.Rcb1 Bc8 18.Nc1 f4 19.e4 fxg3 20.hxg3 Ng4 21.Nb3 Be6 22.Ne2 Bxb3
23.Rxb3 Qxc5 24.dxc5 Rxd3 25.Rxd3 Bxa1 26.f4 Bf6 27.Bf3 h5 28.Nc1 Rd8 29.e5 Be7
30.Rxd8+ Bxd8 31.Bxg4 hxg4 32.Nd3 Kf8 33.Kf2 Ke7 34.Ke3 Ke6 35.Ke4 Ba5 36.Nf2 Be1
37.Nxg4 Bxg3 38.Ne3 Bf2 39.Nc4 Bxc5 40.Na5 b5 41.Nxc6 bxa4 42.Kd3 Kf5 43.Nd8 Kxf4
44.Nxf7 Kf5  0-1

[Event "40th Olympiad Women"]
[Site "Istanbul TUR"]
[Date "2012.09.09"]
[Round "11.37"]
[White "Vargas,Ga"]
[Black "Milligan,H"]
[Result "1/2-1/2"]
[WhiteElo "2050"]
[BlackElo "1987"]

1.d4 Nf6 2.Bg5 c5 3.Bxf6 gxf6 4.d5 Qb6 5.Qc1 f5 6.g3 Bg7 7.c3 d6 8.Bg2 Na6
9.Nd2 Bd7 10.Nh3 h5 11.Nf4 O-O-O 12.h4 Kb8 13.a4 Rc8 14.Nc4 Qb3 15.Nd2 Qb6
16.Nc4 Qb3 17.Nd2  1/2-1/2

[Event "9th LGA Premium Cup"]
[Site "Nuernberg GER"]
[Date "2012.09.09"]
[Round "6.75"]
[White "Suess,H"]
[Black "Mehringer,Joerg"]
[Result "1/2-1/2"]
[WhiteElo "1995"]
[BlackElo "1851"]

1.d4 Nf6 2.Bg5 g6 3.Bxf6 exf6 4.e3 Bg7 5.c4 O-O 6.Nc3 Re8 7.Bd3 d6 8.Nf3 Nd7
9.O-O f5 10.Qc2 Nf6 11.Rac1 c6 12.b4 Qe7 13.Rfd1 Ne4 14.Ne2 Bd7 15.Ng3 Rac8
16.Nd2 d5 17.c5 h5 18.Nf3 h4 19.Nf1 Bf6 20.h3 Qf8 21.N3h2 Qh6 22.f3 Ng5 23.f4 Ne4
24.Nf3 Kh8 25.N1h2 Rg8 26.Ne5 Bxe5 27.dxe5 Be6 28.Nf3 g5 29.Bxe4 fxe4 30.Nxg5 Rxg5
31.fxg5 Qxg5 32.Kh1 Rg8 33.Qf2 Rg6 34.Rg1 Qxe5 35.Qxh4+ Kg7 36.Qe1 Qh5 37.Rc2 Kf8
38.Qf1 Rh6 39.Qf4 Kg7 40.Rf2 Rg6 41.Kh2 Rh6 42.Kh1 Rg6 43.a4 a6 44.a5 Rg5
45.Qh2 Qh4 46.g4 d4 47.Qg3 Qh6 48.Rh2  1/2-1/2

[Event "3rd Livigno Open A"]
[Site "Livigno ITA"]
[Date "2012.09.11"]
[Round "2.16"]
[White "Bove,A"]
[Black "Formento,P"]
[Result "0-1"]
[WhiteElo "2367"]
[BlackElo "2147"]

1.d4 Nf6 2.Bg5 d5 3.e3 Ne4 4.Bf4 g5 5.Be5 f6 6.Qh5+ Kd7 7.f3 Nd6 8.Bxd6 exd6
9.Nc3 c6 10.Bd3 Qe7 11.e4 dxe4 12.fxe4 Kc7 13.O-O-O Be6 14.Nge2 b5 15.Rhe1 b4
16.Nd5+ cxd5 17.Qf3 Qf7 18.c4 dxc4 19.d5 cxd3 20.Nd4 Bd7 21.Qxd3 a5 22.Qc4+ Kb6
23.Kb1 Na6 24.Nb3 Nc5 25.Rc1 Bb5 26.Qd4 Kb7 27.Nxa5+ Rxa5 28.Qxb4 Ka6 29.Re3 Nd3
30.Rxd3 Bxd3+ 31.Ka1 Bb5  0-1

[Event "zt 3.5 China Men 2012"]
[Site "Beijing CHN"]
[Date "2012.09.15"]
[Round "2.9"]
[White "Yu Lie"]
[Black "Bao,Q"]
[Result "1-0"]
[WhiteElo "2406"]
[BlackElo "2113"]

1.d4 Nf6 2.Bg5 g6 3.Bxf6 exf6 4.c4 f5 5.g3 Bg7 6.Bg2 d6 7.e3 Nd7 8.Nc3 Nf6
9.Nge2 O-O 10.O-O Rb8 11.Qc2 Bd7 12.b4 Bc6 13.d5 Bd7 14.c5 a5 15.a3 axb4
16.axb4 Qe7 17.Ra5 Ra8 18.Qa2 Rxa5 19.Qxa5 dxc5 20.bxc5 Bc8 21.Rd1 Rd8 22.Nd4 Ng4
23.d6 cxd6 24.Nd5 Qf8 25.Nb5 Ne5 26.Nxd6 Nc6 27.Qb6 Rd7 28.Nxb7 Rxb7 29.Qxc6 Rd7
30.Nf6+ Bxf6 31.Rxd7 Bxd7 32.Qxf6 Be6 33.Qd4 Qb8 34.Bd5 Bc8 35.Qf6  1-0

[Event "TCh-HUN 2012-13"]
[Site "Szombathely HUN"]
[Date "2012.09.16"]
[Round "1"]
[White "Brandics,J"]
[Black "Kiss,At"]
[Result "1/2-1/2"]
[WhiteElo "2296"]
[BlackElo "2356"]

1.d4 Nf6 2.Bg5 d5 3.Bxf6 exf6 4.e3 c6 5.c4 dxc4 6.Bxc4 Bd6 7.Nc3 O-O 8.Nf3 Nd7
9.Qc2 f5 10.Bd3 g6 11.h4 h5 12.g3 Nf6 13.Ng5  1/2-1/2

[Event "zt 3.5 China Men 2012"]
[Site "Beijing CHN"]
[Date "2012.09.18"]
[Round "8.18"]
[White "Lan,Zilun"]
[Black "Fan,Huifeng"]
[Result "1-0"]
[WhiteElo "2185"]
[BlackElo "2062"]

1.d4 Nf6 2.Bg5 d5 3.e3 c5 4.c3 e6 5.Bd3 Nc6 6.f4 Bd6 7.Nf3 cxd4 8.Bxf6 gxf6
9.cxd4 Qb6 10.Qd2 Bd7 11.Nc3 f5 12.O-O f6 13.Rac1 O-O 14.Nh4 Rf7 15.Qe2 Rg7
16.Kh1 Kh8 17.Rf3 Rag8 18.Rh3 Nb4 19.Bb1 Qd8 20.Rg1 Be8 21.Nf3 Nc6 22.Ne1 Qe7
23.Nd3 Bf7 24.Nf2 Bg6 25.Qf3 Qf7 26.Rh6 e5 27.Ne2 Qe6 28.a3 Re8 29.Nd1 exd4
30.Nxd4 Nxd4 31.exd4 Qe2 32.Qxd5 Bxf4 33.Rh3 Qd2 34.Rd3 Qe1 35.Rf3 Qd2 36.Rf2 Qc1
37.Bxf5 Bh5 38.Bd7 Rg5 39.Qb3 Re7 40.Ba4 b5 41.Qb4 Qc7 42.Rxf4 Qxf4 43.Qxe7 bxa4
44.Qe3 Qxe3 45.Nxe3 Rb5 46.g4 Bg6 47.Rd1 Rb3 48.Nf5 h5 49.d5 hxg4 50.Ne7 Be4+
51.Kg1 Rxb2 52.d6 Rg2+ 53.Kf1 Rxh2 54.Rd4 g3 55.Rxe4 Rd2 56.Nf5 Kh7 57.Rd4 Rf2+
58.Kg1 Rxf5 59.d7  1-0

[Event "TCh-SRB Prem w 2012"]
[Site "Valjevo SRB"]
[Date "2012.09.22"]
[Round "6.4"]
[White "Stojanovic,Andj"]
[Black "Belic,J"]
[Result "1/2-1/2"]
[WhiteElo "2263"]
[BlackElo "2298"]

1.d4 Nf6 2.Bg5 c5 3.d5 Qb6 4.Nc3 Qxb2 5.Bd2 Qb6 6.e4 e5 7.Rb1 Qd8 8.f4 d6
9.Nf3 exf4 10.Bb5+ Bd7 11.O-O Be7 12.e5 dxe5 13.Nxe5 Bxb5 14.Rxb5 b6 15.Bxf4 Bd6
16.Ng4 Bxf4 17.Rxf4 Nbd7 18.Ne4 Nxe4 19.Rxe4+ Kf8 20.Rb3 h5 21.Ne5 Nf6 22.Rf4 Qd6
23.Rf5 Rh6 24.Rbf3 Kg8 25.Nc4 Qd7 26.Ne5 Qa4 27.Rg5 Qd4+ 28.Qxd4 cxd4 29.Rd3 Ne4
30.Rf5 Nd6 31.Rf1 Re8 32.Nf3 Rg6 33.Nxd4 Nc4 34.g3 h4 35.Nf5 hxg3 36.hxg3 Nd6
37.Nxd6 Rxd6 38.c4 Re4 39.Rf4 Rxf4 40.gxf4 Kf8 41.Kf2 Rh6 42.Ra3 a5 43.c5 bxc5
44.Rxa5 Ke7 45.Ra7+ Kd6 46.Rxf7 Kxd5 47.Rxg7 c4 48.Ke3 Rh3+ 49.Kd2 Rh2+  1/2-1/2

[Event "Vladivostok Russian Cup 2012"]
[Site "Vladivostok RUS"]
[Date "2012.09.22"]
[Round "6.22"]
[White "Borodinov,D"]
[Black "Muratov,S"]
[Result "1/2-1/2"]
[WhiteElo "2242"]
[BlackElo "2250"]

1.d4 Nf6 2.Bg5 d5 3.Bxf6 gxf6 4.g3 Bf5 5.Bg2 e6 6.e3 Nd7 7.Ne2 c6 8.Nd2 Bd6
9.O-O h5 10.h4 Bg4 11.c4 Bb4 12.cxd5 cxd5 13.a3 Bd6 14.Re1 Bxe2 15.Qxe2 f5
16.Rec1 Rc8 17.Bf3 Rxc1+ 18.Rxc1 Qb8 19.Kg2 Nf6 20.Qd1 Rg8 21.Nf1 Ng4 22.Qc2 Bxg3
23.Bxg4 Bd6 24.f3 Ke7 25.Qd2 hxg4 26.f4 Rh8 27.Qf2 Kd7 28.Ng3 Rxh4 29.Nxf5 Rh8
30.Nxd6 Qxd6 31.Qe2 Qb6 32.Rc5 f5 33.b4 Rc8 34.Kg3 Rxc5 35.dxc5 Qa6 36.Qb2 Qd3
37.Qe5 Qe4 38.Qd6+ Kc8 39.Qf8+ Kc7 40.Qe7+ Kc8  1/2-1/2

[Event "TCh-VIE 2012"]
[Site "Ho Chi Minh City VIE"]
[Date "2012.09.24"]
[Round "5.9"]
[White "Nguyen Thien Viet"]
[Black "Ton,N"]
[Result "1-0"]
[WhiteElo "2301"]
[BlackElo "2018"]

1.d4 Nf6 2.Bg5 c5 3.Bxf6 gxf6 4.d5 Qb6 5.Qc1 d6 6.g3 Bg7 7.Nd2 Nd7 8.Bg2 f5
9.Rb1 Qc7 10.e3 Nf6 11.Ne2 Bd7 12.O-O h5 13.h4 Bh6 14.c4 e5 15.dxe6 fxe6
16.b4 Bc6 17.Bxc6+ Qxc6 18.bxc5 Qxc5 19.Nd4 Qe5 20.Qa3 Ne4 21.Nxe4 fxe4 22.Rb5  1-0

[Event "TCh-VIE 2012"]
[Site "Ho Chi Minh City VIE"]
[Date "2012.09.24"]
[Round "5.6"]
[White "Bui Vinh"]
[Black "Bao Khoa"]
[Result "0-1"]
[WhiteElo "2436"]
[BlackElo "2253"]

1.d4 Nf6 2.Bg5 c5 3.Bxf6 gxf6 4.d5 Qb6 5.Qc1 Bg7 6.g3 d6 7.Bg2 Nd7 8.Nf3 f5
9.c3 Nf6 10.Nfd2 h5 11.a4 h4 12.Nc4 Qc7 13.Nba3 Bd7 14.Qc2 Ng4 15.Bf3 Ne5
16.Nxe5 Bxe5 17.Nc4 Bf6 18.Ne3 Qa5 19.Ra3 hxg3 20.hxg3 Rxh1+ 21.Bxh1 b5 22.axb5 Qxb5
23.Bg2 a5 24.Bh3 Rb8 25.Ra2 e6 26.Bg2 a4 27.Bf3 Ke7 28.Kf1 Bg5 29.dxe6 fxe6
30.Qd2 Rg8 31.Kg2 f4 32.gxf4 Bxf4+ 33.Kf1 Bxe3 34.Qxe3 Qb3 35.Ra1 Qxb2 36.Rd1 Qc2
37.Rc1 Qg6 38.Ke1 Qg5 39.Qxg5+ Rxg5 40.Kd2 d5 41.Rb1 Rg8 42.Rb6 Rg1 43.Ra6 Rf1
44.Ke3 Rc1 45.Kd2 Rf1 46.Ke3 Rd1 47.Bg4 d4+ 48.cxd4 Rxd4 49.Bf3 Rd6 50.Ra7 Rb6
51.Be4 Kd6 52.f4 Rb3+ 53.Kd2 Rb4 54.Ke3 Bb5 55.Bc2 Kc6 56.f5 exf5 57.Bxf5 Kb6
58.Ra8 Bc6 59.Rb8+ Bb7 60.Kd2 a3 61.Rg8 a2 62.Rg1 Rb2+ 63.Kc3 Rxe2 64.Bd3 Rg2
65.Ra1 Bd5 66.Bc2 Kb5 67.Bd3+ Ka4 68.Bf1 Rf2 69.Bd3 Rf3 70.Kc2 Ka3  0-1

[Event "21st TCh-CRO 1b 2012"]
[Site "Sibenik CRO"]
[Date "2012.09.24"]
[Round "2.3"]
[White "Havas,Ja"]
[Black "Malenica,M"]
[Result "1/2-1/2"]
[WhiteElo "2117"]
[BlackElo "2218"]

1.d4 Nf6 2.Bg5 g6 3.Bxf6 exf6 4.e3 Bg7 5.h4 h5 6.Bd3 d6 7.c3 Nd7 8.Nd2 f5
9.Qf3 Nf6 10.Ne2 O-O 11.Nf4 c6 12.O-O-O d5 13.Kb1 a5 14.c4 Ne4 15.cxd5 cxd5
16.Ka1 a4 17.a3 Be6 18.Bb1 b5 19.Nd3 Qa5 20.Nb4 Rfc8 21.Nxe4 dxe4 22.Qe2 Bc4
23.Qd2 Bf8 24.Na2 Qb6 25.Nb4 Qa5 26.Na2 Qb6 27.Nb4 Qa5 28.Na2 Qb6  1/2-1/2

[Event "21st TCh-CRO 1a 2012"]
[Site "Sibenik CRO"]
[Date "2012.09.24"]
[Round "2.55"]
[White "Bukal,V jr"]
[Black "Martic,Z"]
[Result "0-1"]
[WhiteElo "2416"]
[BlackElo "2331"]

1.d4 Nf6 2.Bg5 c5 3.Bxf6 gxf6 4.d5 d6 5.e3 Bg7 6.c4 f5 7.Qc2 Qa5+ 8.Nd2 b5
9.Nh3 Na6 10.Qc1 Rb8 11.cxb5 Nc7 12.Nf4 O-O 13.Bc4 a6 14.a4 e6 15.O-O exd5
16.Nxd5 Nxd5 17.Bxd5 axb5 18.Nb3 Qb4 19.axb5 Rxb5 20.Ra3 Bb7 21.Bxb7 Rxb7
22.Qc2 Qe4 23.Qd2 Qe6 24.Na5 Rxb2 25.Qd3 d5 26.Rb1 c4 27.Qf1 Rfb8 28.Rc1 Qb6
29.Nxc4 dxc4 30.Qxc4 Rb1 31.Rd3 Qe6  0-1

[Event "21st TCh-CRO 1b 2012"]
[Site "Sibenik CRO"]
[Date "2012.09.25"]
[Round "3.2"]
[White "Vavra,P1"]
[Black "Gonda,L"]
[Result "1/2-1/2"]
[WhiteElo "2376"]
[BlackElo "2528"]

1.d4 Nf6 2.Bg5 d5 3.Bxf6 gxf6 4.e3 c5 5.Nc3 cxd4 6.exd4 h5 7.Be2 h4 8.Bf3 e6
9.Qe2 Nc6 10.Bxd5 Nxd4 11.Qe4 e5 12.Bb3 Bg7 13.Nge2 f5 14.Qd5 Be6 15.Qxd8+ Rxd8
16.Nxd4 Rxd4 17.Rd1 Rxd1+ 18.Kxd1 e4 19.f3 Bxc3 20.bxc3 exf3 21.gxf3 Rg8
22.Re1 Ke7 23.Re2 Kf6 24.f4 Rg1+ 25.Kd2 a5 26.Re1 Rg2+ 27.Re2 Rg4 28.Ke3 Rg1
29.Kf2 Rb1 30.Kg2 b5 31.Kh3 a4 32.Bxe6 fxe6 33.Kxh4 Ra1 34.Re5 Rxa2 35.Rxb5 Rxc2
36.Ra5 Rxh2+ 37.Kg3 Ra2 38.c4 Ke7 39.c5 Kd7 40.Ra6 a3 41.Rd6+ Ke7 42.Ra6 Ra1
43.Ra7+ Kf6 44.c6 a2 45.c7 Rg1+ 46.Kf2 Rc1 47.Rxa2 Rxc7 48.Re2 Rc3 49.Re1 Rd3
50.Re2 Ke7 51.Re1 Kd6 52.Re2 Rd4 53.Kf3 Ra4 54.Re1 Ra3+ 55.Kf2 Ke7 56.Re2 Kf7
57.Re1 Kg6 58.Rxe6+ Kh5 59.Re3 Rxe3 60.Kxe3 Kg4 61.Ke2 Kxf4 62.Kf2 Kg4 63.Kg2 f4
64.Kf2 f3 65.Kf1 Kg3 66.Kg1 f2+ 67.Kf1 Kf3  1/2-1/2

[Event "Tatry Open 2012"]
[Site "Tatranske Zruby SVK"]
[Date "2012.09.25"]
[Round "3.37"]
[White "Hodovsky,J"]
[Black "Langner,J"]
[Result "1-0"]
[WhiteElo "2098"]
[BlackElo "1965"]

1.d4 Nf6 2.Bg5 g6 3.Bxf6 exf6 4.e4 Bg7 5.Bd3 O-O 6.Ne2 d5 7.exd5 Qxd5 8.O-O Nc6
9.c3 Re8 10.Nd2 Bg4 11.h3 Bxe2 12.Bxe2 Rad8 13.Bf3 Qd7 14.Qa4 Ne5 15.Qxd7 Rxd7
16.Bxb7 Rb8 17.Nb3 Rxb7 18.dxe5 Rb5 19.exf6 Bxf6 20.Rad1 Rbd5 21.Rxd5 Rxd5
22.Re1 Kg7 23.Kf1 h5 24.g3 Kf8 25.Re2 Rb5 26.Nd4 Bxd4 27.cxd4 Rd5 28.Rc2 Rxd4
29.Rxc7 a5 30.h4 a4 31.a3 Kg7 32.Ke2 Re4+ 33.Kd3 Re1 34.Rc4 Rb1 35.Kc2 Rf1
36.Rf4 f6 37.b4 axb3+ 38.Kxb3 g5 39.hxg5 fxg5 40.Rf3 h4 41.gxh4 gxh4 42.Rh3 Rxf2
43.Rxh4 Kf6 44.Re4 Rf1 45.a4 Ra1 46.Kb4 Kf5 47.Re3 Rb1+ 48.Kc5 Ra1 49.Kb5 Rb1+
50.Ka6 Rb4 51.a5 Kf6 52.Ka7 Rb5 53.a6 Kf7 54.Ka8 Rb6 55.a7 Rb5 56.Rc3 Ke7
57.Rc8 Kd7 58.Rb8 Rc5 59.Kb7  1-0

[Event "TCh-SRB Prem 2012"]
[Site "Valjevo SRB"]
[Date "2012.09.25"]
[Round "9.2"]
[White "Popovic,Milo2"]
[Black "Nestorovic,L"]
[Result "1/2-1/2"]
[WhiteElo "2383"]
[BlackElo "2384"]

1.d4 Nf6 2.Bg5 c5 3.d5 Ne4 4.Bf4 Qb6 5.Nd2 Nxd2 6.Bxd2 e5 7.Bc3 d6 8.e4 Be7
9.Nf3 O-O 10.Nd2 f5 11.Be2 Bg5 12.Nc4 Qc7 13.a4 fxe4 14.Bg4 Nd7 15.Be6+ Kh8
16.Qe2 Nf6 17.h4 Bh6 18.g4 Bf4 19.Rd1 e3 20.fxe3 Bg3+ 21.Kd2 Bxe6 22.dxe6 d5
23.Kc1 dxc4 24.Qg2 Rae8 25.Qxg3 Ne4 26.Qxe5 Qxe5 27.Bxe5 Rxe6 28.Rd5 Kg8
29.Bf4 Nf2 30.Rg1 Ne4 31.Rd7 Rf7 32.Rgd1 Ree7 33.Rd8+ Rf8 34.a5 Rxd8 35.Rxd8+ Kf7
36.Bb8 a6 37.Bf4 Ke6 38.Rh8 g6 39.h5 gxh5 40.gxh5 Nf6 41.h6 Ne4  1/2-1/2

[Event "Vladivostok Russian Cup 2012"]
[Site "Vladivostok RUS"]
[Date "2012.09.25"]
[Round "9.6"]
[White "Aleksandrov,A"]
[Black "Shomoev,A"]
[Result "1-0"]
[WhiteElo "2591"]
[BlackElo "2571"]

1.d4 Nf6 2.Bg5 d5 3.e3 c6 4.Bd3 Bg4 5.Ne2 Nbd7 6.O-O e6 7.c4 Bd6 8.Nbc3 Bh5
9.h3 dxc4 10.Bxc4 Qa5 11.f4 Nd5 12.Qc1 h6 13.Bh4 g5 14.Ne4 Be7 15.Be1 Qd8
16.N2g3 Bg6 17.f5 exf5 18.Nxf5 N7f6 19.Nxf6+ Bxf6 20.Bg3 Kf8 21.Kh1 Qd7 22.e4 Nb6
23.Bb3 Rh7 24.Qc5+ Kg8 25.Be5 Bd8 26.Rf3  1-0

[Event "Tatry Open 2012"]
[Site "Tatranske Zruby SVK"]
[Date "2012.09.26"]
[Round "5.6"]
[White "Cech,P"]
[Black "Turna,S"]
[Result "1-0"]
[WhiteElo "2378"]
[BlackElo "2208"]

1.d4 Nf6 2.Bg5 c5 3.Bxf6 gxf6 4.d5 Qb6 5.Qc1 f5 6.g3 Bh6 7.e3 Qg6 8.Bg2 d6
9.Ne2 Nd7 10.O-O b5 11.Nf4 Bxf4 12.exf4 O-O 13.Re1 Qf6 14.a4 bxa4 15.Rxa4 Nb6
16.Ra3 Bd7 17.Nd2 Rfe8 18.Qa1 Qd4 19.Nb3 Qf6 20.Na5 Bb5 21.Nc6 a6 22.b3 Qxa1
23.Rexa1 c4 24.Nd4 cxb3 25.cxb3 Bd3 26.b4 Be4 27.Ra5 Kg7 28.Bxe4 fxe4 29.Nf5+ Kf6
30.Ne3 e6 31.Rxa6 Rxa6 32.Rxa6 Rb8 33.Kg2 Ke7 34.Ra7+ Nd7 35.f5 Rxb4 36.f6+ Kd8
37.dxe6 fxe6 38.Ng4 Rb3 39.Nh6 Nxf6 40.Nf7+ Ke8 41.Nxd6+ Kd8 42.Rf7 e3 43.Nb7+ Ke8
44.Rxf6 Ke7 45.Rf4 Rxb7 46.fxe3 Kd6 47.Kf3 Ke5 48.g4 Ra7 49.g5 Rg7 50.Kg4 h6
51.h4 hxg5 52.hxg5 Rg8 53.Ra4 Rg7 54.Kh5 Rh7+ 55.Kg6 Rh3 56.e4 Rb3 57.Ra5+ Kxe4
58.Kf6 Kf4 59.Ra4+ Ke3 60.Kxe6  1-0

[Event "Baku Open 2012"]
[Site "Baku AZE"]
[Date "2012.09.28"]
[Round "7.15"]
[White "Zeynalov,F"]
[Black "Babaev,T"]
[Result "1-0"]
[WhiteElo "2305"]
[BlackElo "2397"]

1.d4 Nf6 2.Bg5 g6 3.Bxf6 exf6 4.e3 Bg7 5.c4 b6 6.Be2 Bb7 7.Bf3 Nc6 8.Nc3 O-O
9.Nge2 f5 10.O-O Rb8 11.Rc1 Qg5 12.Nd5 Nd8 13.Nef4 Ne6 14.Nd3 Qd8 15.g3 Ng5
16.Bg2 Ne4 17.N3f4 Re8 18.Qd3 d6 19.Rfd1 h5 20.h4 c6 21.Nc3 Qe7 22.Re1 Rbd8
23.b4 Rd7 24.b5 cxb5 25.Nxb5 Qd8 26.Nc3 Nxc3 27.Rxc3 Be4 28.Qd1 Qa8 29.Bxe4 Qxe4
30.Rc1 a6 31.Qa4 b5 32.cxb5 axb5 33.Qxb5 Rb7 34.Qc4 Rb2 35.Nd3 d5 36.Qa6 Rd2
37.Red1 Rxd1+ 38.Rxd1 Qf3 39.Re1 g5 40.hxg5 h4 41.Qa4 Re4 42.Qd1 Qxd1 43.Rxd1 hxg3
44.Nf4 Kf8 45.Rd3 Ke8 46.f3 Re7 47.Nxd5 Ra7 48.a3 Bf8 49.Kg2 Bd6 50.f4 Bxa3
51.Kxg3 Bd6 52.Rb3 Kd7 53.Nf6+ Ke6 54.Rb6 Ke7 55.Rc6 Ra2 56.Rc8 Bb4 57.Nd5+  1-0

[Event "TCh-FIN SM 2012-13"]
[Site "Helsinki FIN"]
[Date "2012.09.29"]
[Round "1.1"]
[White "Yemelin,V"]
[Black "Hartikainen,M"]
[Result "1-0"]
[WhiteElo "2579"]
[BlackElo "2341"]

1.d4 Nf6 2.Bg5 c5 3.d5 Ne4 4.Bf4 Qb6 5.Bc1 e6 6.f3 Qa5+ 7.c3 Nf6 8.e4 d6
9.Bg5 Be7 10.dxe6 Bxe6 11.Na3 Nc6 12.Nc4 Qc7 13.Bxf6 gxf6 14.Ne3 O-O-O 15.Nd5 Qd7
16.Bb5 Rhg8 17.Kf2 f5 18.exf5 Bxf5 19.Ne2 Rde8 20.Ng3 Bd8 21.Nxf5 Qxf5 22.g3 h5
23.Qd3 Qg5 24.f4 Qg4 25.Ne3 Qe6 26.Rhe1 Bc7 27.Bc4 Qd7 28.Qf5 Nd8 29.Bb5 Nc6
30.Bc4 Nd8 31.Qxd7+ Kxd7 32.Nd5 Re6 33.Rxe6  1-0

[Event "21st TCh-CRO w 2012"]
[Site "Sibenik CRO"]
[Date "2012.09.29"]
[Round "8.34"]
[White "Vujnovic,P"]
[Black "Mrakovcic,K"]
[Result "1-0"]
[WhiteElo "1989"]
[BlackElo "1765"]

1.d4 Nf6 2.Bg5 d5 3.e3 Nbd7 4.Nf3 g6 5.Nbd2 Bg7 6.Bd3 O-O 7.h3 c5 8.c3 cxd4
9.exd4 b6 10.O-O Bb7 11.Re1 Re8 12.Ne5 Rc8 13.Bb5 Nxe5 14.dxe5 Nd7 15.e6 fxe6
16.Qg4 Nc5 17.Bxe8 Qxe8 18.Nf3 Rc6 19.Nd4 Bxd4 20.cxd4 Ne4 21.f3 Nf6 22.Qf4 Kf7
23.Rac1 Qd7 24.Rxc6 Bxc6 25.Rc1 Kg7 26.Bh6+ Kh8 27.g4 Kg8 28.g5  1-0

[Event "30th Balaton IM"]
[Site "Heviz HUN"]
[Date "2012.09.30"]
[Round "8.1"]
[White "Stips,F"]
[Black "Pirisi,G"]
[Result "1-0"]
[WhiteElo "2221"]
[BlackElo "2268"]

1.d4 Nf6 2.Bg5 c5 3.d5 e6 4.Nc3 h6 5.Bf4 d6 6.e4 e5 7.Bg3 a6 8.a4 Be7 9.f4 exf4
10.Bxf4 O-O 11.Nf3 Re8 12.Bd3 Nbd7 13.O-O Ng4 14.Qe1 Bf6 15.Qg3 Nde5 16.h3 Nxf3+
17.gxf3 Bd4+ 18.Kh1 Nf6 19.Bxd6 Nh5 20.Qh2 Qh4 21.Ne2 Bxb2 22.Rab1 Qxh3 23.Bxc5 Qxh2+
24.Kxh2 Be5+ 25.f4 Nxf4 26.Nxf4 g5 27.Be3 gxf4 28.Bxf4 Bd7 29.Rxb7 Bxa4 30.Bxe5 Rxe5
31.Rfxf7 Rg5 32.c4 Be8 33.Rfe7 a5 34.c5 a4 35.c6 a3 36.Ra7 Rd8 37.c7 Rc8
38.Ba6 a2 39.Bxc8  1-0

[Event "TCh-Central SRB 2012"]
[Site "Vrnjacka Banja SRB"]
[Date "2012.09.30"]
[Round "2.3"]
[White "Marcetic,N"]
[Black "Bozovic,N"]
[Result "1-0"]
[WhiteElo "2382"]
[BlackElo "2252"]

1.d4 Nf6 2.Bg5 g6 3.Bxf6 exf6 4.e3 Bg7 5.c4 O-O 6.Nc3 f5 7.g3 Re8 8.Nge2 d6
9.Bg2 Nd7 10.O-O Nf6 11.Qd3 c6 12.b4 Bd7 13.a4 Qe7 14.b5 Ne4 15.Rab1 Rad8
16.bxc6 Bxc6 17.Nd5 Bxd5 18.cxd5 Nf6 19.Rfc1 h5 20.a5 h4 21.a6 bxa6 22.Qxa6 Rd7
23.Rb3 Bh6 24.Rcb1 Kg7 25.Bf3 Rh8 26.Rb7 Bxe3 27.Rxd7 Nxd7 28.Rb7 f4 29.gxf4 Bxf4
30.Qxa7 Rd8 31.Bg4 f5 32.Nxf4 fxg4 33.Ne6+ Kh6 34.Qa5 Rb8 35.Qd2+ g5 36.Rxb8 Nxb8
37.Qe2 Qb7 38.Qxg4 Qxd5 39.f4 Kg6 40.fxg5 Kf7 41.g6+ Kg8 42.Qxh4  1-0

[Event "TCh-Belgrade Premier 2012"]
[Site "Belgrade SRB"]
[Date "2012.10.01"]
[Round "1.1"]
[White "Stanic,A"]
[Black "Senic,B"]
[Result "1/2-1/2"]
[WhiteElo "2163"]
[BlackElo "2134"]

1.d4 Nf6 2.Bg5 g6 3.Bxf6 exf6 4.c4 c5 5.d5 d6 6.Nc3 Bg7 7.Qa4+ Nd7 8.e4 O-O
9.O-O-O f5 10.exf5 Qg5+ 11.Kb1 Qxf5+ 12.Qc2 Ne5 13.Ne4 Rd8 14.h3 g5 15.g4 Qg6
16.Ng3 a6  1/2-1/2

[Event "TCh-Belgrade Premier 2012"]
[Site "Belgrade SRB"]
[Date "2012.10.05"]
[Round "5.4"]
[White "Mitic,M"]
[Black "Maksimovic,Ma"]
[Result "1/2-1/2"]
[WhiteElo "2270"]
[BlackElo "2170"]

1.d4 Nf6 2.Bg5 d5 3.Nf3 Bf5 4.Bxf6 exf6 5.c3 c6 6.e3 Qb6 7.Qb3 Bd6 8.Nbd2 O-O
9.Be2 Nd7 10.O-O Qxb3 11.axb3 h6 12.b4 a6 13.Nb3  1/2-1/2

[Event "TCh-SWE Elite 2012-13"]
[Site "Malmo SWE"]
[Date "2012.10.05"]
[Round "1"]
[White "Fries Nielsen,JO"]
[Black "Sjodahl,P"]
[Result "1-0"]
[WhiteElo "2365"]
[BlackElo "2422"]

1.d4 Nf6 2.Bg5 g6 3.Nc3 d5 4.Qd2 h6 5.Bf4 Nh5 6.Be5 f6 7.Bg3 Bf5 8.e3 Nc6
9.Bd3 Nxg3 10.hxg3 Qd7 11.Nge2 Nb4 12.e4 dxe4 13.Bxe4 O-O-O 14.a3 Nc6 15.O-O-O e5
16.dxe5 Qe6 17.Qe3 Rxd1+ 18.Rxd1 Bxe4 19.Qxe4 Qxe5 20.Qxg6 Qg5+ 21.Nf4 Bd6
22.Qe4 Be5 23.Nd5 f5 24.Qc4 Rd8 25.Rd3 Rd6 26.Re3 Qd8 27.Rd3 Qg5 28.Kb1 Qg7
29.c3 Bxf4 30.Qxf4 Qg5 31.Qc4 Qg7 32.Re3 Qd7 33.Nf4 b6 34.Ka2 Kb7 35.Rd3 Ne5
36.Rxd6 Qxd6 37.Qd5+ Qxd5+ 38.Nxd5 Nd3 39.f3 c6 40.Ne3 f4 41.gxf4 Nxf4 42.g3 Ne6
43.Kb3 Kc7 44.Kc4 Ng5 45.f4 Nf7 46.g4 Kd6 47.Kd4 Ke6 48.Nf5 Kf6 49.Ke4 Ke6
50.Nd4+ Kd7 51.Kf5 Nd6+ 52.Kg6 Nc4 53.Kxh6  1-0

[Event "St Petersburg Rapid Cup 2012"]
[Site "St Petersburg RUS"]
[Date "2012.10.05"]
[Round "1.2"]
[White "Vitiugov,N"]
[Black "Svidler,P"]
[Result "1/2-1/2"]
[WhiteElo "2691"]
[BlackElo "2747"]

1.d4 Nf6 2.Bg5 g6 3.Bxf6 exf6 4.c4 f5 5.Nc3 Bg7 6.g3 O-O 7.e3 d6 8.Bg2 Nd7
9.Nge2 Nf6 10.O-O Qe7 11.Nd5 Qd8 12.Nxf6+ Bxf6 13.Qd2 c6 14.b4 Bd7 15.Rab1 Rb8
16.a4 Re8 17.Rfd1 b6 18.b5 Qc7 19.Nc3 Rbc8 20.Rbc1 Bg7 21.Qa2 c5 22.Nd5 Qd8
23.dxc5 Rxc5 24.Nb4 Qf6 25.Bc6 Bxc6 26.Nxc6 a5 27.Qd2 Bf8 28.Nd4 d5 29.cxd5 Rxd5
30.Rc6 Qd8 31.Qa2 Bc5 32.Rc1 Rd7 33.Nf3 Qe7 34.Kg2 Qe4 35.Rc4 Qd5 36.Rc2 Qe4
37.Rc4 Qd5 38.Rc2 Qe4  1/2-1/2

[Event "3rd Copa Latino-Americana"]
[Site "Cali COL"]
[Date "2012.10.06"]
[Round "4.7"]
[White "Castro,O"]
[Black "Pardo,Alejandro"]
[Result "1-0"]
[WhiteElo "2359"]
[BlackElo "2181"]

1.d4 Nf6 2.Bg5 d5 3.c4 e6 4.Nc3 Be7 5.e3 O-O 6.Nf3 Nbd7 7.Rc1 a6 8.cxd5 exd5
9.Bd3 Re8 10.O-O c6 11.Bf4 Nh5 12.Nxd5 Nxf4 13.Nxf4 Nf6 14.Qb3 Bd6 15.Bc4 Qc7
16.Ne2 Bg4 17.Ng3 Ne4 18.Bxf7+ Kh8 19.Bxe8  1-0